000 00199 a2200097 4500
001 25763
100 _aHtten, E H
245 _aIdeas of physics
260 _a
_bOliver royd
_c
090 _c17410
_d17410
942 _aNUST-CAE
_cM
_c8237
999 _c260836
_d260836